Overview of costs and benefits associated with regulation in Scottish agriculture (Record no. 109280)

MARC details
000 -LEADER
fixed length control field 02385cad a22002535a 4500
001 - CONTROL NUMBER
control field E146758
008 - FIXED-LENGTH DATA ELEMENTS--GENERAL INFORMATION
fixed length control field 090224s2008 xxk f 000 0 eng d
020 ## - INTERNATIONAL STANDARD BOOK NUMBER
International Standard Book Number 9780755919222
035 ## - SYSTEM CONTROL NUMBER
System control number (Sirsi) u146758
041 0# - LANGUAGE CODE
Language code of text/sound track or separate title eng
050 04 - LIBRARY OF CONGRESS CALL NUMBER
Classification number 630.09411 $2 18
110 2# - MAIN ENTRY--CORPORATE NAME
Corporate name or jurisdiction name as entry element SAC Commercial Ltd
9 (RLIN) 5699
245 00 - TITLE STATEMENT
Title Overview of costs and benefits associated with regulation in Scottish agriculture
Remainder of title including elements of SNIFFER Project ER02, 'Measuring the administrative burden of environmental regulation in the agricultural sector', final report
Medium [electronic resource]
260 ## - PUBLICATION, DISTRIBUTION, ETC.
Place of publication, distribution, etc. Edinburgh
Name of publisher, distributor, etc. SAC Commercial
-- Pareto Consulting
Date of publication, distribution, etc. 2008
505 2# - FORMATTED CONTENTS NOTE
Formatted contents note Introduction: background; rationale for policy intervention in agriculture; instrument choice and design; compliance costs; scope of report -- Overview of the assessment of cost and benefits of regulation and an assessment of the potential application of the Standard Cost Model in Scotland: assessing the costs and benefits of regulation; evaluation of the Standard Cost Model (SCM) and its potential application to agriculture in Scotland; conclusions -- The costs and benefits associated with key regulations in Scottish agriculture and with specified environmental regulations: introduction; findings in brief; conclusions -- Best practice in the implementation of regulations in agriculture in other countries: performance of the overall regulatory environment; regulation of agriculture; comparison of the regulation of agriculture in Scotland with New Zealand and Denmark -- Conclusions -- References -- Appendices
520 ## - SUMMARY, ETC.
Summary, etc. Presents the results of research looking at the regulations associated with Scottish agriculture. The research aims to assess the costs and benefits associated with the principle regulations in Scottish agriculture, and with some environmental regulations. It also examines best practice in relation to the implementation of regulations in agriculture in other countries and identifies opportunities to improve the effectiveness of regulation in Scottish agriculture.
521 ## - TARGET AUDIENCE NOTE
Target audience note Advanced
590 ## - LOCAL NOTE (RLIN)
Local note KA
651 #4 - SUBJECT ADDED ENTRY--GEOGRAPHIC NAME
Geographic name Scotland
Chronological subdivision 1999-
690 ## - LOCAL SUBJECT ADDED ENTRY--TOPICAL TERM (OCLC, RLIN)
Topical term or geographic name as entry element ENVIRONMENTAL AND LAND CONSULTANCY-AGRIBUSINESS-AGRICULTURE
710 1# - ADDED ENTRY--CORPORATE NAME
Corporate name or jurisdiction name as entry element Pareto Consulting
856 40 - ELECTRONIC LOCATION AND ACCESS
Uniform Resource Identifier <a href="https://www.scotland.gov.uk/Publications/2009/01/08100107/0">https://www.scotland.gov.uk/Publications/2009/01/08100107/0</a>
Public note View the report free of charge at www.scotland.gov.uk...
942 ## - ADDED ENTRY ELEMENTS (KOHA)
Suppress in OPAC 0
Holdings
Withdrawn status Lost status Source of classification or shelving scheme Damaged status Not for loan Home library Current library Shelving location Date acquired Total Checkouts Full call number Barcode Date last seen Copy number Price effective from Koha item type
    Dewey Decimal Classification     Virtual Virtual Online 24/02/2009   ONLINE PUBLICATION 146758-2001 06/08/2019 1 06/08/2019 Book